|
|
|
|
| LEADER |
00000nam0a2200000 4500 |
| 001 |
24880 |
| 005 |
20231030200450.0 |
| 010 |
|
|
|a 5891180561
|
| 035 |
|
|
|a (RuTPU)RU\TPU\book\25112
|
| 035 |
|
|
|a BOOK00025185
|
| 090 |
|
|
|a 24880
|
| 100 |
|
|
|a 20011209d1998 km y0rusy50 ca
|
| 101 |
0 |
|
|a rus
|
| 102 |
|
|
|a RU
|
| 105 |
|
|
|a y z 000zy
|
| 200 |
1 |
|
|a Основы ландшафтной экологии
|f Б. В. Виноградов
|
| 210 |
|
|
|a Москва
|c Геос
|d 1998
|
| 215 |
|
|
|a 418 с.
|
| 610 |
1 |
|
|a экология
|
| 610 |
1 |
|
|a ландшафтная экология
|
| 610 |
1 |
|
|a экосистемы
|
| 610 |
1 |
|
|a ландшафты
|
| 610 |
1 |
|
|a экологический мониторинг
|
| 610 |
1 |
|
|a экологическая безопасность
|
| 675 |
|
|
|a 574.9
|v 3
|
| 700 |
|
1 |
|a Виноградов
|b Б. В.
|
| 801 |
|
0 |
|a RU
|b 63413507
|c 20011209
|g PSBO
|
| 801 |
|
2 |
|a RU
|b 63413507
|c 20041201
|g PSBO
|
| 942 |
|
|
|c BK
|